Regression analysis by example
Αποθηκεύτηκε σε:
| Κύριος συγγραφέας: | |
|---|---|
| Άλλοι συγγραφείς: | |
| Μορφή: | Βιβλίο |
| Γλώσσα: | English |
| Δημοσίευση: |
New York :
John Wiley & Sons,
c1991
|
| Έκδοση: | 2nd ed. |
| Σειρά: | Wiley series in probability and mathematical statistics. Applied probability and statistics
|
| Θέματα: | |
| Ετικέτες: |
Προσθήκη ετικέτας
Δεν υπάρχουν, Καταχωρήστε ετικέτα πρώτοι!
|
MARC
| LEADER | 00000nam a2200000 i 4500 | ||
|---|---|---|---|
| 001 | 1/6031 | ||
| 008 | 000609s1991 eng d | ||
| 020 | |a 0-471-88479-0 | ||
| 035 | |l 10061791 | ||
| 040 | |a GR-MY-UA |b gre |e aacr | ||
| 041 | 0 | |a eng | |
| 082 | 0 | |a 519.536 | |
| 100 | 1 | |a Chatterjee, Samprit |d 1938- | |
| 245 | 1 | 0 | |a Regression analysis by example / |c Samprit Chatterjee, Bertram Price |
| 250 | |a 2nd ed. | ||
| 260 | |a New York : |b John Wiley & Sons, |c c1991 | ||
| 300 | |a xvii, 278 p.; |b ill.; |c 24 cm. | ||
| 490 | 1 | |a Wiley series in probability and mathematical statistics. Applied probability and statistics | |
| 504 | |a Includes bibliographical references and index | ||
| 650 | 0 | 0 | |a Regression analysis. |
| 700 | 1 | |a Price, Bertram. | |
| 830 | 0 | |a Wiley series in probability and mathematical statistics. Applied probability and statistics | |
| 852 | |a INST |b SAMOS |e 20000609 |h 519.536 CHA |p 005300019593 |q 005300019593 |t BK |y 0 | ||
| 901 | |a BIBL3-2000-2 | ||
| 909 | |a Σ |b 078780 | ||
| 922 | |a 3ΕΛΗ |b 200006 |c ΚΠΣ |d ΠΑΠΑΣΩΤΗΡΙΟΥ | ||
| 950 | |a 116-1999-12-31 | ||
| 970 | |a ΚΟΣΙΕΡΗΣ |b ΧΡΗΣΤΟΣ |z 2000/06/14 | ||